Shāh Abdul Latīf of Bhit: his poetry, life and times : (Record no. 21891)
[ view plain ]
| 000 -LEADER | |
|---|---|
| fixed length control field | 01044nam a22002652 4500 |
| 001 - CONTROL NUMBER | |
| control field | 21891 |
| 003 - CONTROL NUMBER IDENTIFIER | |
| rucl marc code | BD-RjUL |
| 005 - DATE AND TIME OF LATEST TRANSACTION | |
| control field | 20211209000737.0 |
| 008 - FIXED-LENGTH DATA ELEMENTS--GENERAL INFORMATION | |
| fixed length control field | 771206s1940 xx 000 0 eng |
| 035 ## - SYSTEM CONTROL NUMBER | |
| System control number | (BD-RjUL)21956 |
| 040 ## - CATALOGING SOURCE | |
| Original cataloging agency | DLC |
| Transcribing agency | OCP |
| Modifying agency | EQO |
| -- | BD-RjUL |
| Language of cataloging | eng |
| 041 ## - LANGUAGE CODE | |
| Language code of text/sound track or separate title | eng |
| 082 ## - DEWEY DECIMAL CLASSIFICATION NUMBER | |
| Classification number | 891.411 |
| Author mark and year | SOS |
| 100 1# - MAIN ENTRY--PERSONAL NAME | |
| Personal name | Sorley, H. T. |
| Fuller form of name | (Herbert Tower), |
| Dates associated with a name | 1892- |
| 9 (RLIN) | 67304 |
| 245 00 - TITLE STATEMENT | |
| Title | Shāh Abdul Latīf of Bhit: his poetry, life and times : |
| Remainder of title | a study of literary, social and economic conditions in eighteenth century Sind / |
| Statement of responsibility, etc. | H. T. Sorley. |
| 260 ## - PUBLICATION, DISTRIBUTION, ETC. (IMPRINT) | |
| Place of publication, distribution, etc. | London : |
| Name of publisher, distributor, etc. | H. Milford, Oxford university press, |
| Date of publication, distribution, etc. | 1940 [reprinted 1966] |
| 300 ## - PHYSICAL DESCRIPTION | |
| Pagination | x, 432 p. ; |
| Size | 22 cm. |
| 500 ## - GENERAL NOTE | |
| General note | "The Risālo of Shāh Abdul Latīf of Bhit, re-arranged and translated into English verse [by H. T. Sorley]": p. [299]-420. |
| 504 ## - BIBLIOGRAPHY, ETC. NOTE | |
| Bibliography, etc | Bibliography: p. 179-186. |
| 600 00 - SUBJECT ADDED ENTRY--PERSONAL NAME | |
| Personal name | ʿAbd al-Laṭīf, |
| Titles and other words associated with a name | Shah, |
| Dates associated with a name | approximately 1689-approximately 1752. |
| 651 #0 - SUBJECT ADDED ENTRY--GEOGRAPHIC NAME | |
| Geographic name | Sind (Pakistan) |
| 9 (RLIN) | 67589 |
| 942 ## - ADDED ENTRY ELEMENTS (KOHA) | |
| Source of classification or shelving scheme | Dewey Decimal Classification |
| Koha item type | Books |
| Lost status | Source of classification or shelving scheme | Damaged status | Not for loan | Collection code | Permanent Location | Current Location | Shelving location | Date acquired | Source of acquisition | Cost, normal purchase price | Total Checkouts | Full call number | Date last seen | Copy number | Koha item type |
|---|---|---|---|---|---|---|---|---|---|---|---|---|---|---|---|
| Dewey Decimal Classification | Fiction | Central Library, University of Rajshahi | Central Library, University of Rajshahi | 04/12/1967 | Inded library | 8.00 | 891.411 SOS 1966 | 05/03/2014 | C-2 | Books |